000
00233nam a2200121Ia 4500
100
_a
GROVER/ ZIMMER
942
_c
BK
366
_f
25
245
_a
CAD/CAM
260
_b
Pearson Education
_c
2006
300
_a
509
546
_a
ENGLISH
999
_c
30249
_d
30249